000 00838nam a2200265 a 4500
001
003 OSt
005 20260513100002.0
008 091013s2013 dr 001 0 spa d
020 _a9781935400882
040 _aDO-SdBNP
_bspa
_cDO-SdBNP
082 4 _aRD861.4408
_bB333s
_222
245 1 0 _aSólo para locos :
_bantología poética, 38 poetas contemporáneos /
_c[compiladora Lourdes Batista ]
260 _aEstados Unidos :
_bSociedad Internacional de escritores
_c2013
300 _a158 p. ;
_c20 cm.
490 _a
500 _a
590 _aInventariado, 2020/VM
650 4 _aPoesía dominicana
_vColecciones
_97120
650 4 _aAutores dominicanos
_91890
_vBiografías
650 0 _aAntología poética
_949370
910 _aVMateo/Validado. Control de calidad MFF
942 _2ddc
_cLBS1
956 _aVMateo
999 _c49229
_d49229